AFL 2023 Players Pictures Quiz - Easy 2 - Statistics

General Stats
  • This quiz has been taken 250 times
  • The average score is 15 of 18
Answer Stats
Picture Answer % Correct
Charlie Curnow
98%
Darcy Moore
97%
Tom Hawkins
91%
Christian Petracca
90%
Connor Rozee
90%
Darcy Parish
82%
Jordan Dawson
82%
Andrew Brayshaw
81%
Harris Andrews
81%
Luke Parker
80%
Noah Anderson
79%
Tim Taranto
79%
Jeremy McGovern
77%
Jack Sinclair
76%
Tom Liberatore
76%
Stephen Coniglio
69%
Luke Davies-Uniacke
63%
Mitch Lewis
60%
No matching quizzes found
Score Distribution
Percent of People with Each Score
Percentile by Number Answered
Your Score History
You have not taken this quiz